Online Catalogue and eLibrary

Thathamarum perarkalum (Record no. 4064)

MARC details
000 -LEADER
fixed length control field 00367nam a2200145Ia 4500
005 - DATE AND TIME OF LATEST TRANSACTION
control field 20250320143158.0
008 - FIXED-LENGTH DATA ELEMENTS--GENERAL INFORMATION
fixed length control field 240331s9999 xx 000 0 und d
082 ## - DDC Classification
Item Number - Author Mark NUH
Class No. 894
100 ## - MAIN ENTRY--PERSONAL NAME
Personal name Nuhman, M.A
245 #0 - TITLE STATEMENT
Title Thathamarum perarkalum
260 ## - PUBLICATION, DISTRIBUTION, ETC.
Place of publication, distribution, etc. Kalmunai
Name of publisher, distributor, etc. Reader's Association
Date of publication, distribution, etc. 1977
300 ## - PHYSICAL DESCRIPTION
Extent (e.g. Volumes, Pages etc.) 72 p .,
500 ## - GENERAL NOTE
General note A Collection of Longer Poems
942 ## - Koha item type (Biblio)
Koha item type Books in Stacks (Lending)
Holdings
Lost status Damaged status Collection code Home library Current library Shelving location Date acquired Full call number Accession Number Item type
    Lending WERC Library WERC Library Social Science Cupboard 03/31/2024 894.811 NUH 2370 Books in Stacks (Lending)

© WERC Library